Llwytho...

STRUCTURAL EFFECTS ON EQUILIBRIA IN ORGANIC CHEMISTRY

Manylion Llyfryddiaeth
Prif Awdur: HINE JACK
Fformat: Printed Book
Cyhoeddwyd: New York John Wiley & Sons 1975
Pynciau:
LEADER 00599nam a2200181 4500
020 |c 19.5 
082 |a 547 HIN 
100 |a HINE JACK 
245 |a STRUCTURAL EFFECTS ON EQUILIBRIA IN ORGANIC CHEMISTRY  |h ENGLISH 
250
260 |a New York  |b John Wiley & Sons  |c 1975 
300 |a 347  |f HB 
500 |a   
590 |d Dollar 19.5 
650 |a STRUCTURAL EFFECTS ON EQUILIBRIA IN ORGANIC CHEMISTRY 
942 |c BK 
999 |c 119956  |d 119956 
952 |0 0  |1 0  |4 0  |6 547_000000000000000_HIN  |7 0  |9 133421  |a CHE  |b CHE  |g 19.50  |l 0  |o 547 HIN  |p CHE1266  |r 2019-10-15  |w 2019-10-15  |y BK